000 00355nam a2200133Ia 4500
008 191201s2008 xx 000 0 und d
082 _a621.38173
_bMII
100 _aMILLMAN, jacob
245 0 _aIntegrated Electronics: Analog and Digital Circuits and Systems
260 _aN.Delhi
_bTMH
_c2008
300 _a910
650 _aB.Tech(ECE)
942 _2ddc
_cBK
999 _c3464
_d3464